000
00283nam a2200121Ia 4500
008
230627s9999 xx 000 0 und d
041
_a
eng
082
_a
343.0535
_b
JOS
100
_a
Joshi.K.C
245
_a
The Gibt Tax Act
260
_b
Allahabad Law Agency
_c
1979
300
_a
42p
999
_c
681229
_d
681229